书目信息 |
| 题名: |
’2007中国散文排行榜
|
|
| 作者: | 周明 , 王宗仁 主编 | |
| 分册: | ||
| 出版信息: | 北京 北京工业大学出版社 2008.01 |
|
| 页数: | 302页 | |
| 开本: | 25cm | |
| 丛书名: | 中国散文学会评选 | |
| 单 册: | ||
| 中图分类: | I267 | |
| 科图分类: | ||
| 主题词: | 散文--san wen--中国--当代--作品集 | |
| 电子资源: | ||
| ISBN: | 978-7-5639-1830-0 | |
| 000 | 01039nam 2200265 450 | |
| 001 | 012008673082 | |
| 005 | 20081217170306.81 | |
| 010 | @a978-7-5639-1830-0@dCNY29.80 | |
| 100 | @a20081217d2008 em y0chiy0120 ea | |
| 101 | 0 | @achi |
| 102 | @aCN@b110000 | |
| 105 | @ay z 000cy | |
| 106 | @ar | |
| 200 | 1 | @a’2007中国散文排行榜@A’2007 zhong guo san wen pai xing bang@f周明, 王宗仁主编@Fzhou ming,wang zong ren zhu bian |
| 210 | @a北京@c北京工业大学出版社@d2008.01 | |
| 215 | @a302页@d25cm | |
| 225 | 2 | @a中国散文学会评选@Azhong guo san wen xue hui ping xuan |
| 330 | @a为了梳理和总结2007年我国散文创作的实绩,中国散文学会在浩如烟海的散文创作中,推荐编选了64篇散文佳作,并经过专门组成的评选委员会的认真讨论和研究,从中评选出10篇优秀作品列榜,奉献给散文爱好者和广大读者。 | |
| 410 | 0 | @12001 @a中国散文学会评选 |
| 606 | 0 | @a散文@Asan wen@y中国@z当代@j作品集 |
| 690 | @aI267@v4 | |
| 701 | 0 | @a周明@Azhou ming@4主编 |
| 701 | 0 | @a王宗仁@Awang zong ren@4主编 |
| 801 | 0 | @aCN@bQSSK@c20081217 |
| 905 | @b735601-03@dI267@eZ782@f3 | |
| ’2007中国散文排行榜/周明, 王宗仁主编.-北京:北京工业大学出版社,2008.01 |
| 302页;25cm.-(中国散文学会评选) |
| ISBN 978-7-5639-1830-0:CNY29.80 |
| 为了梳理和总结2007年我国散文创作的实绩,中国散文学会在浩如烟海的散文创作中,推荐编选了64篇散文佳作,并经过专门组成的评选委员会的认真讨论和研究,从中评选出10篇优秀作品列榜,奉献给散文爱好者和广大读者。 |
| ● |
| 相关链接 |
|
|
|
正题名:'2007中国散文排行榜
索取号:I267/Z782
 
预约/预借
| 序号 | 登录号 | 条形码 | 馆藏地/架位号 | 状态 | 备注 |
| 1 | 735601 | 207356010 | 文学库116/116文学库 8排6列6层/ [索取号:I267/Z782] | 在馆 | |
| 2 | 735602 | 207356029 | 社科二线422/422社科库 6排2列2层/ [索取号:I267/Z782] | 在馆 | |
| 3 | 735603 | 207356038 | 文学库116/ [索取号:I267/Z782] | 在馆 |